000 00222 a2200085 4500
020 _a9780511642036
100 _aChandavarkar, R.
245 _aHistory, Culture, and the Indian City,
260 _bCambridge University Press
_c2015
999 _c13199
_d13199